000 00607nam a22002417a 4500
003 UA-OsUOA
001 21997
007 ta
008 20031216b un ||||| |||| 00| 0 ukr d
090 _a008(477)
_bН35
942 _cBK
040 _aUA-OsUOA
_bukr
_cUA-OsUOA
_dUA-OsUOA
245 _aНаціональна культура в сучасній Україні
_cРед. І.Ф.Курас
300 _a336 с.
955 _a0
041 _aukr
080 _a008(477)
020 _a5-7707-8537-3
260 _aКиїв
_bУкраїно
_c1995
044 _aUA
650 7 _2UDC
999 _c308207
_d308207